Elements of engineering mathematics V.2 (Annual) (Record no. 162507)

MARC details
000 -LEADER
fixed length control field 00405nam a2200145Ia 4500
008 - FIXED-LENGTH DATA ELEMENTS--GENERAL INFORMATION
fixed length control field 231217s9999 xx 000 0 und d
041 ## - LANGUAGE CODE
Language code of text/sound track or separate title English
082 ## - DEWEY DECIMAL CLASSIFICATION NUMBER
Classification number 510.02462 RAM.2;2
100 ## - MAIN ENTRY--PERSONAL NAME
Personal name Ramamurthy K Qureshi, Arshad
245 #0 - TITLE STATEMENT
Title Elements of engineering mathematics V.2 (Annual)
260 ## - PUBLICATION, DISTRIBUTION, ETC.
Date of publication, distribution, etc. 1993
Name of publisher, distributor, etc. Sudha
300 ## - PHYSICAL DESCRIPTION
Extent 470
650 ## - SUBJECT ADDED ENTRY--TOPICAL TERM
Topical term or geographic name entry element Laplace transforms Fourier series Matrices
942 ## - ADDED ENTRY ELEMENTS (KOHA)
Koha item type Books
Holdings
Date last seen Total checkouts Full call number Accession number Cost, total (INR) price Price effective from Category Public note Lost status Damaged status Department Withdrawn status Home library Current library Shelving location Entry date Cost, normal purchase price Grants Billnumber Billdate Currency symbol Conversion rate Discount Old discount Vendor
26/01/2024   510.02462 RAM.2;2 5232 68.00 26/01/2024 Books Weeded Out 2016     Library Annex   Central Library Central Library Library Annex 09/03/1993 80.00 MATHS 20425 20/11/1995 RS 1 12 15  
26/01/2024   510.02462 RAM 5236 68.00 26/01/2024 Books Weeded Out 2016     Library Annex   Central Library Central Library Library Annex 09/03/1993 80.00 MATHS 20425 20/11/1995 RS 1 12 15  
26/01/2024   510.02462 RAM.2;6 5237 68.00 26/01/2024 Books Weeded Out 2016     Library Annex   Central Library Central Library Library Annex 09/03/1993 80.00 MATHS 20425 20/11/1995 RS 1 12 15  
26/01/2024   510.02462 RAM.2 5238 68.00 26/01/2024 Books       Central Library   Central Library Central Library   09/03/1993 80.00 MATHS 20425 20/11/1995 RS 1 12 15 Educational Supplies

© For any Suggestions or Query, please contact the library staff @ librarian@pes.edu or Phone: +9180 2672 1983/ 2108.